000 00935cam a2200133 4500500
005 20251214002641.0
041 _afre
042 _adc
100 1 0 _aNiklas-Salminen, Aïno
_eauthor
245 0 0 _aLe verbe
260 _bArmand Colin,
_c2012.
520 _aL’étude du verbe est un domaine complexe et beaucoup de grammaires ne savent pas simplifier cette complexité. La méthode progressive d’apprentissage de ce manuel met à disposition des étudiants débutants de lettres des éléments de base pour analyser le verbe : sa morphologie, son rôle dans la proposition et ses constructions syntaxiques. Ces éléments de base présentés à l’aide des outils de la linguistique offrent des pistes qui permettent d’approfondir leurs connaissances. Les chapitres sont illustrés par de nombreux exercices commentés.
856 4 1 _uhttps://shs.cairn.info/le-verbe--9782200282127?lang=fr&redirect-ssocas=7080
999 _c1567274
_d1567274